Word Ladder: 1980s Dairy Slogan Quiz Stats

Quiz Updated Sep 14, 2017

Challenge
Share
Tweet
Embed
Score 0/21 Timer 02:00
1 Play Today
Hint 4-Letter Word % Correct
1760 yardsMILE
96.8%
CompletedDONE
96.1%
Center of an appleCORE
92.5%
• ___. It [Rung 7] a [Rung 13] [Rung 21] •
Or a mammal's mammary product
•MILK•
92.3%
California-based fruit producerDOLE
91.5%
• [Rung 1]. It ___ a [Rung 13] [Rung 21] •
Or 2013 YouTube viral video: 'What ___ the Fox Say?'
•DOES•
91.4%
Undercover double agentMOLE
91.2%
King and Vito Corleone, e.g.DONS
90.9%
'This doesn't ___ well for us'BODE
89.2%
To write in 'computer language'CODE
86.7%
Someone who might work in a mess hallCOOK
84.9%
Hint 4-Letter Word % Correct
Furthest left and right back-row chess pieceROOK
83.9%
Ireland's 'Rebel City'CORK
83.4%
Mass. based audio technology companyBOSE
83%
• [Rung 1]. It [Rung 7] a ___ [Rung 21] •
Or the main portion of a letter
•BODY•
81%
American restaurant chain: ___ Crab ShackJOE'S
79.2%
• [Rung 1]. It [Rung 7] a [Rung 13] ___
Or evil's counterpart
•GOOD•
77.2%
'Juno' Oscar-winning screenwriter DiabloCODY
74.2%
Crucifix ROOD
71.3%
'The Avengers' Director WhedonJOSS
71.1%
Slugging Astros 2B, AltuveJOSÉ
70.6%

Today's Daily Dose

Word Ladder
Summertime

On This Day
June 23rd II

You're not logged in!

Compare scores with friends on all Sporcle quizzes.
Join for Free
OR
Log In

You Might Also Like...

Show Comments

Extras

Top Quizzes Today


Score Distribution

Your Account Isn't Verified!

In order to create a playlist on Sporcle, you need to verify the email address you used during registration. Go to your Sporcle Settings to finish the process.

Report this User

Report this user for behavior that violates our Community Guidelines.

Details: